Malokarpatská vínna cesta bakalárska práca

Guardado en:
Detalles Bibliográficos
Autor principal: Mihályová, Andrea
Autor Corporativo: Obchodná fakulta EU. Katedra marketingu
Otros Autores: Drábik, Peter, 1981-
Formato: Libro
Lenguaje:eslovaco
Publicado: Bratislava 2009
Etiquetas: Agregar Etiqueta
Sin Etiquetas, Sea el primero en etiquetar este registro!

MARC

LEADER 00000nam$a2200000$$$4500
001 0099872
005 20240318135404.6
041 0 |a slo 
044 |a SK 
245 1 0 |a Malokarpatská vínna cesta  |b bakalárska práca  |c Andrea Mihályová ; škol. Peter Drábik 
264 1 |a Bratislava  |c 2009 
300 |a 54 s. 
100 1 |a Mihályová, Andrea 
700 1 |a Drábik, Peter, 1981- 
710 2 |a Obchodná fakulta EU. Katedra marketingu